Development Policy Review (Record no. 847)
[ view plain ]
| 000 -LEADER | |
|---|---|
| fixed length control field | 00371nam a22001217a 4500 |
| 008 - FIXED-LENGTH DATA ELEMENTS--GENERAL INFORMATION | |
| fixed length control field | 230608b xxu||||| |||| 00| 0 eng d |
| 082 ## - DEWEY DECIMAL CLASSIFICATION NUMBER | |
| Classification number | 338.91091724 |
| Item number | DPR |
| 245 ## - TITLE STATEMENT | |
| Title | Development Policy Review |
| Remainder of title | Theme Issue: Developmental States in the New Millenium |
| 260 ## - PUBLICATION, DISTRIBUTION, ETC. (IMPRINT) | |
| Place of publication, distribution, etc. | UK |
| Name of publisher, distributor, etc. | Blackwell Publishing |
| Date of publication, distribution, etc. | September ,2007 |
| 300 ## - PHYSICAL DESCRIPTION | |
| Extent | 656p |
| 440 ## - SERIES STATEMENT/ADDED ENTRY--TITLE | |
| Number of part/section of a work | 5 |
| Volume/sequential designation | 25 |
| International Standard Serial Number | 14677679 |
| 942 ## - ADDED ENTRY ELEMENTS (KOHA) | |
| Source of classification or shelving scheme | Dewey Decimal Classification |
| Koha item type | Books |
| Withdrawn status | Lost status | Source of classification or shelving scheme | Damaged status | Not for loan | Home library | Current library | Date acquired | Total Checkouts | Full call number | Barcode | Date last seen | Price effective from | Koha item type |
|---|---|---|---|---|---|---|---|---|---|---|---|---|---|
| Dewey Decimal Classification | Bunge Tower Library | Bunge Tower Library | 06/08/2023 | 338.91091724 DPR | 100001411 | 06/08/2023 | 06/08/2023 | Books |
